Chansons de Black Sabbath - Mort Subite - Statistiques

Statistiques générales
  • Ce quiz a été pris 34 fois
  • Le résultat moyen est 6 sur 22
Answers on the Grid
Answers color-coded by a green-red scale on the quiz's grid according to % correct below.
Children of the Grave
Sabbath Bloody Sabbath
The Wizard
Electric Funeral
Funeralopolis
The Druid
Holy Mountain
Demons Gate
Planet Caravan
Heaven and Hell
Run Like Hell
Mr. Crowley
Bark at the Moon
Houses of the Holy
Dazed and Confused
(Don't Fear) The Reaper
Black Night
Wicked Woman
Wicked World
Lady in Gold
Hand of Doom
Fairies Wear Boots
Rat Salad
Black Magic Woman
Wizard Bloody Wizard
The Black Witch
Black Funeral
Children of Doom
Evil Woman
Sweet Leaf
Supernaut
Dragonaut
Bewitched
Orchid
Orchard
Blue Orchid
Michel Sardoom
Satan's Haze
Doom Over the World
Black Sabbath
Into the Void
Sabbra Cadabra
Evil Woman, Don't Play your Games with me
Lord of this World
A National Acrobat
Killing Yourself to Live
Lady Evil
Devil Man
 
Statistiques - réponses
Réponse % Correct
Planet Caravan
67%
Children of the Grave
53%
Black Sabbath
47%
Fairies Wear Boots
40%
Heaven and Hell
40%
Into the Void
40%
Sabbath Bloody Sabbath
40%
Lady Evil
33%
Evil Woman
27%
Sabbra Cadabra
27%
Supernaut
27%
The Wizard
27%
Electric Funeral
20%
Evil Woman, Don't Play your Games with me
20%
Orchid
20%
Wicked World
20%
A National Acrobat
13%
Rat Salad
13%
Sweet Leaf
13%
Hand of Doom
7%
Killing Yourself to Live
7%
Lord of this World
7%
Aucun quiz correspondant
Distribution des résultats
% des personnes avec chaque résultat
Percentile par nombre de réponses
Votre historique - résultats
Vous n’avez pas pris ce quiz